Introducció a l'estudi de la medicina experimental / Claude Bernard. El naixement del mètode experimental / per John F. Fulton. Biografia de Claude Bernard / per Paul Bert ; traducció i notes per Jaume Pi-Sunyer Bayo
Descripción Física:
2 v. ; 18 cm
Colección:
Col·lecció Miquel Servet
Materias:
Medicina experimental
MARC
| LEADER | 00000nam a2200000Ia 4500 | ||
|---|---|---|---|
| 001 | 10962, 10961 | ||
| 008 | 160829s9999 xx 000 0 cat d | ||
| 080 | |a C-1-522, C-1-523 | ||
| 100 | |a Bernard, Claude |9 21032 | ||
| 245 | |a Introducció a l'estudi de la medicina experimental / Claude Bernard. El naixement del mètode experimental / per John F. Fulton. Biografia de Claude Bernard / per Paul Bert ; traducció i notes per Jaume Pi-Sunyer Bayo | ||
| 260 | |a Barcelona : |b Ed. Arnau de Vilanova, [s.a.] | ||
| 300 | |a 2 v. ; |c 18 cm | ||
| 490 | |a Col·lecció Miquel Servet | ||
| 650 | |a Medicina experimental |9 21033 | ||
| 700 | |a Fulton, John F. |9 25845 | ||
| 700 | |a Bert, Paul |9 25846 | ||
| 700 | |a Pi-Sunyer i Bayo, Jaume, tr. |9 25847 | ||
| 901 | |a Arxiu | ||
| 942 | |n 1 | ||
| 952 | |0 0 |1 0 |4 0 |6 C1522_C1523 |7 1 |9 43813 |a Arxiu |b Arxiu |d 2016-12-01 |l 0 |o C-1-522, C-1-523 |p 10962, 10961 |r 2016-12-01 00:00:00 |w 2016-12-01 |y ARXIU | ||
| 999 | |c 46362 |d 46362 | ||